000 00631nam a22002052 4500
001 0000001160
005 20151217151808.0
008 070227s xx 000 0 eng d
020 _a0131217615 :
_cGBP 35.39
040 _aKABU
_cKABU
050 0 _aGB54.5
_b.I58
245 1 3 _aAn Introduction to physical geography and the environment /
_ced. by Joseph Holden.
260 _aHarlow, England :
_bPrentice Hall,
_c2005.
300 _axxvi, 664 p.
650 0 _aPhysical geography.
_@0000147981
700 1 _aHolden, Joseph.
_@0000149714
908 _a070227
950 _@1
999 _c5113
_d5113